[Event "Fujairah Masters 2012"]
[Site "Fujairah City UAE"]
[Date "2012.11.15"]
[Round "3.11"]
[White "Safarli, Eltaj"]
[Black "Ehlvest, Jaan"]
[Result "1-0"]
[WhiteTitle "GM"]
[BlackTitle "GM"]
[WhiteElo "2626"]
[BlackElo "2597"]
[WhiteFideId "13402129"]
[BlackFideId "4500016"]
[EventDate "2012.11.13"]

1. e4 c5 2. Nf3 e6 3. d4 cxd4 4. Nxd4 a6 5. Bd3 Nf6 6. O-O Qc7 7. Qe2 d6 8. c4
b6 9. Nc3 Be7 10. f4 Nbd7 11. Bd2 g6 12. Kh1 Bb7 13. Rae1 Qc5 14. Nf3 O-O 15. f5
Rfe8 16. Bf4 Qc7 17. fxe6 fxe6 18. Ng5 Bf8 1-0

[Event "Fujairah Masters 2012"]
[Site "Fujairah City UAE"]
[Date "2012.11.15"]
[Round "3.12"]
[White "Le, Quang Liem"]
[Black "Debashis, Das"]
[Result "1-0"]
[WhiteTitle "GM"]
[BlackTitle "IM"]
[WhiteElo "2705"]
[BlackElo "2451"]
[WhiteFideId "12401137"]
[BlackFideId "5024854"]
[EventDate "2012.11.13"]

1. d4 d5 2. Nf3 Nf6 3. c4 c6 4. Qb3 e6 5. Bg5 Be7 6. Nc3 Nbd7 7. e3 h6 8. Bh4
Ne4 9. Bg3 Nxg3 10. hxg3 Nb6 11. Ne5 Nd7 12. Nf3 Nb6 13. O-O-O a5 14. Ne5 a4 15.
Qc2 a3 16. b3 dxc4 17. Bxc4 Nd5 18. Nxd5 exd5 19. Bd3 Ra5 20. Kb1 c5 21. f4 Bd6
22. Rh5 O-O 23. Rdh1 Bxe5 24. Rxe5 Qd6 25. Rc1 b6 26. b4 Ra8 27. dxc5 bxc5 28.
Qxc5 Qf6 29. Qd4 Rb8 30. Rc3 Qd6 31. b5 Rd8 32. Qc5 Qd7 33. Rxa3 Qg4 34. Rc3
Qxg3 35. Rxd5 Be6 36. Rxd8+ Rxd8 37. Bc2 Qxg2 38. b6 g6 39. a4 h5 40. Qg5 Qh1+
41. Kb2 Rd6 42. Qc5 Rd2 43. Qc6 1-0

[Event "Fujairah Masters 2012"]
[Site "Fujairah City UAE"]
[Date "2012.11.15"]
[Round "3.14"]
[White "Ni, Hua"]
[Black "Ankit, R. Rajpara"]
[Result "1-0"]
[WhiteTitle "GM"]
[BlackTitle "IM"]
[WhiteElo "2681"]
[BlackElo "2423"]
[WhiteFideId "8601160"]
[BlackFideId "5023335"]
[EventDate "2012.11.13"]

1. e4 c6 2. d4 d5 3. e5 Bf5 4. Nf3 e6 5. Be2 c5 6. Be3 cxd4 7. Nxd4 Ne7 8. O-O
Nbc6 9. Bb5 a6 10. Bxc6+ Nxc6 11. Nxf5 exf5 12. c3 Be7 13. Nd2 Nxe5 14. Bd4 Qd6
15. Bxe5 Qxe5 16. Re1 Qc7 17. Qe2 Rd8 18. Nf3 Rd7 19. Ne5 Rd6 20. Nd3 Rd7 21.
Qf3 O-O 22. Qxf5 g6 23. Qf3 Bd6 24. g3 Rfd8 25. Rad1 b5 26. Re2 d4 27. cxd4 Bf8
28. Rc1 Qb7 29. Rc6 Qa7 30. Ne5 Re7 31. Rc1 Qb7 32. Nc6 Rxe2 33. Qxe2 Rd6 34.
Qe8 Qc7 35. Qe4 Qd7 36. b3 Qe6 37. Qxe6 fxe6 38. Kf1 Bg7 39. Ke2 Bxd4 40. Nxd4
Rxd4 41. Rc6 Kf7 42. Rxa6 Rd5 43. a4 bxa4 44. bxa4 Rd4 45. a5 Ra4 1-0

[Event "Fujairah Masters 2012"]
[Site "Fujairah City UAE"]
[Date "2012.11.15"]
[Round "3.15"]
[White "Gupta, Abhijeet"]
[Black "Atabayev, Yusup"]
[Result "1-0"]
[WhiteTitle "GM"]
[BlackTitle "FM"]
[WhiteElo "2667"]
[BlackElo "2407"]
[WhiteFideId "5010608"]
[BlackFideId "14001128"]
[EventDate "2012.11.13"]

1. d4 Nf6 2. c4 c5 3. d5 e6 4. Nc3 exd5 5. cxd5 d6 6. Nf3 g6 7. Bf4 Bg7 8. Qa4+
Bd7 9. Qb3 Qc7 10. e4 O-O 11. Be2 Nh5 12. Be3 a6 13. O-O Bg4 14. h3 Bxf3 15.
Bxf3 Nf6 16. e5 dxe5 17. d6 Qxd6 18. Qxb7 Nbd7 19. Rad1 Qe6 20. Qc6 Qxc6 21.
Bxc6 Ra7 22. Nd5 Nxd5 23. Rxd5 Nb6 24. Rxc5 Rc7 25. Rfc1 Rfc8 26. R5c3 Na8 27.
b4 Bf8 28. Rc4 Rb8 29. Bf3 Rxc4 30. Rxc4 Kg7 31. a3 f5 32. Rc6 a5 33. bxa5 Bxa3
34. a6 Re8 35. g3 e4 36. Be2 Bb2 37. a7 Be5 38. Ba6 1-0

[Event "Fujairah Masters 2012"]
[Site "Fujairah City UAE"]
[Date "2012.11.15"]
[Round "3.16"]
[White "Saric, Ivan"]
[Black "Odeev, Handszar"]
[Result "1-0"]
[WhiteTitle "GM"]
[BlackTitle "GM"]
[WhiteElo "2622"]
[BlackElo "2402"]
[WhiteFideId "14508150"]
[BlackFideId "14000091"]
[EventDate "2012.11.13"]

1. e4 c5 2. Nf3 d6 3. d4 cxd4 4. Nxd4 Nf6 5. Nc3 a6 6. Be3 e5 7. Nb3 Be6 8. h3
Be7 9. Qf3 Nc6 10. O-O-O Qc7 11. g4 Rc8 12. g5 Nd7 13. h4 b5 14. Kb1 O-O 15. Bh3
b4 16. Nd5 Bxd5 17. exd5 Ncb8 18. Rc1 a5 19. c3 a4 20. cxb4 Qb7 21. Na5 Rxc1+
22. Rxc1 Qxb4 23. Nc6 Nxc6 24. dxc6 a3 25. b3 Nc5 26. Bxc5 dxc5 27. c7 Qd4 28.
Qe2 Qxh4 29. c8=Q Rxc8 30. Bxc8 Qxg5 31. Rd1 g6 32. Ba6 Kg7 33. Bc4 Qf5+ 34. Qc2
e4 35. Re1 Bf6 36. Rxe4 Qf3 37. Re2 h5 38. Qd2 h4 39. Qd5 Qc3 40. Qxf7+ Kh6 41.
Qf8+ Bg7 42. Qf4+ Kh5 43. Rd2 Qa1+ 44. Kc2 Qxa2+ 45. Kd1 Qa1+ 46. Ke2 Qe5+ 47.
Qxe5+ Bxe5 48. b4 1-0

[Event "Fujairah Masters 2012"]
[Site "Fujairah City UAE"]
[Date "2012.11.15"]
[Round "3.18"]
[White "Salem, A.R. Saleh"]
[Black "Omar, Noaman"]
[Result "1-0"]
[WhiteTitle "GM"]
[BlackTitle "IM"]
[WhiteElo "2550"]
[BlackElo "2313"]
[WhiteFideId "9301348"]
[BlackFideId "9300244"]
[EventDate "2012.11.13"]

1. d4 d5 2. c4 e6 3. Nc3 Nf6 4. cxd5 Nxd5 5. e4 Nxc3 6. bxc3 c5 7. a3 cxd4 8.
cxd4 g6 9. Nf3 Bg7 10. Bg5 Qd7 11. Ne5 Qd6 12. Nc4 Qxd4 13. Nd6+ Kf8 14. Qxd4
Bxd4 15. O-O-O h6 16. Bh4 g5 17. Bg3 Nc6 18. Rxd4 Nxd4 19. Be5 Rg8 20. Bxd4 Ke7
21. e5 Bd7 22. Nxb7 Rgc8+ 23. Kd2 Rc7 24. Bc5+ Ke8 25. Nd6+ Kf8 26. Bd4 Rb8 27.
Bc4 a5 28. f3 Bc6 29. h4 gxh4 30. Rxh4 Bd5 31. Bxd5 exd5 32. Rxh6 Rb3 33. e6
fxe6 34. Bf6 1-0

[Event "Fujairah Masters 2012"]
[Site "Fujairah City UAE"]
[Date "2012.11.15"]
[Round "3.19"]
[White "Ashwin, Jayaram"]
[Black "Alberto, Manuel"]
[Result "1-0"]
[WhiteTitle "IM"]
[WhiteElo "2488"]
[BlackElo "2176"]
[WhiteFideId "5018137"]
[BlackFideId "10100148"]
[EventDate "2012.11.13"]

1. e4 c5 2. Nf3 d6 3. d4 cxd4 4. Nxd4 Nf6 5. Nc3 a6 6. Qf3 Nbd7 7. Be2 Qc7 8. g4
b5 9. g5 b4 10. Ncb5 axb5 11. gxf6 exf6 12. Bxb5 Bb7 13. Bf4 Ra5 14. Qb3 Rxb5
15. Nxb5 Qc5 16. a4 Bxe4 17. O-O-O Ne5 18. Rhe1 Bg6 19. Be3 Qc6 20. f4 Be7 21.
fxe5 dxe5 22. Rd2 O-O 23. Qd5 Qa6 24. b3 Rc8 25. Na7 Rc3 26. Qb5 Qe6 27. Qe8+
Bf8 28. Qxe6 fxe6 29. a5 Be4 30. Nb5 Rc6 31. Bb6 f5 32. Rxe4 fxe4 33. Re2 Be7
34. Rxe4 Bg5+ 35. Kd1 Bf4 36. Rc4 1-0

[Event "Fujairah Masters 2012"]
[Site "Fujairah City UAE"]
[Date "2012.11.15"]
[Round "3.20"]
[White "Anurag, Mhamal"]
[Black "Bakre, Tejas"]
[Result "0-1"]
[WhiteTitle "FM"]
[BlackTitle "GM"]
[WhiteElo "2392"]
[BlackElo "2481"]
[WhiteFideId "5024366"]
[BlackFideId "5004195"]
[EventDate "2012.11.13"]

1. d4 d5 2. Nc3 Nf6 3. Bg5 Nbd7 4. Qd3 c6 5. Nf3 b5 6. a3 Qa5 7. Bd2 Qc7 8. e4
e6 9. exd5 exd5 10. O-O-O Bd6 11. Re1+ Kf8 12. g4 Nxg4 13. Rg1 Ndf6 14. Ne5 h5
15. Qg3 h4 16. Qg2 h3 17. Qg3 Nh5 18. Qf3 Bxe5 19. dxe5 Nxh2 20. Qe3 Nxf1 21.
Rexf1 Qb6 22. Qf3 Kg8 23. Be3 Qc7 24. Bg5 g6 25. Ne2 Ng7 26. Nf4 0-1

[Event "Fujairah Masters 2012"]
[Site "Fujairah City UAE"]
[Date "2012.11.15"]
[Round "3.21"]
[White "Udeshi, Aditya"]
[Black "Satyapragyan, Swayangsu"]
[Result "1/2-1/2"]
[WhiteTitle "IM"]
[BlackTitle "IM"]
[WhiteElo "2368"]
[BlackElo "2474"]
[WhiteFideId "5021740"]
[BlackFideId "5004306"]
[EventDate "2012.11.13"]

1. e4 e6 2. d4 d5 3. Nc3 Bb4 4. e5 c5 5. Bd2 Nh6 6. Nb5 Bxd2+ 7. Qxd2 O-O 8. f4
Nc6 9. dxc5 f6 10. exf6 Qxf6 11. O-O-O b6 12. cxb6 axb6 13. Kb1 Qxf4 14. Qxf4
Rxf4 15. g3 Rf6 16. Bh3 Nf7 17. Ne2 Ng5 18. Bg2 Bd7 19. Nf4 Ra5 20. Na3 b5 21.
Rhe1 Nf7 22. c3 Nfe5 23. Nc2 Nf7 24. Na3 Nfe5 1/2-1/2

[Event "Fujairah Masters 2012"]
[Site "Fujairah City UAE"]
[Date "2012.11.15"]
[Round "3.24"]
[White "Saravanan, V."]
[Black "Elarbi, Abobker"]
[Result "1-0"]
[WhiteTitle "IM"]
[WhiteElo "2399"]
[BlackElo "2272"]
[WhiteFideId "5000580"]
[BlackFideId "9200355"]
[EventDate "2012.11.13"]

1. Nf3 d5 2. d4 Nf6 3. c4 e6 4. e3 c6 5. b3 Nbd7 6. Bd3 Bd6 7. Bb2 Ne4 8. O-O
O-O 9. Nbd2 f5 10. Ne5 Nxd2 11. Qxd2 Nxe5 12. dxe5 Be7 13. Qc2 Bd7 14. c5 b6 15.
Bd4 bxc5 16. Bxc5 Bxc5 17. Qxc5 Qb6 18. Rac1 Qxc5 19. Rxc5 a5 20. a4 Rfb8 21.
Bc2 Kf8 22. Rd1 Rb4 23. Kf1 Ke7 24. Rd4 Rbb8 25. Ke1 Kd8 26. g4 g6 27. g5 Ra7
28. Rh4 Be8 29. Kd2 Rb4 30. Rxa5 Rxa5 31. Rxb4 c5 32. Rb8+ Ke7 33. f4 Ra7 34.
Rc8 c4 35. bxc4 Bxa4 36. Rh8 Be8 37. Rxh7+ Bf7 38. cxd5 exd5 39. Bxf5 gxf5 40.
g6 Ke8 1-0

[Event "Fujairah Masters 2012"]
[Site "Fujairah City UAE"]
[Date "2012.11.15"]
[Round "3.25"]
[White "Salih, Akar Ali Salih"]
[Black "Mohannad, Farhan"]
[Result "1-0"]
[WhiteTitle "FM"]
[BlackTitle "FM"]
[WhiteElo "2287"]
[BlackElo "2257"]
[WhiteFideId "4800575"]
[BlackFideId "8100918"]
[EventDate "2012.11.13"]

1. e4 e6 2. d4 d5 3. e5 c5 4. c3 Nc6 5. Nf3 Qb6 6. a3 Bd7 7. b4 cxd4 8. cxd4 Rc8
9. Be3 Nh6 10. Bd3 Ng4 11. O-O Be7 12. Nbd2 Nxe3 13. fxe3 Nb8 14. Qe2 a6 15. Kh1
O-O 16. e4 Rc3 17. Rfb1 Ba4 18. exd5 exd5 19. Nf1 Bb5 20. Bxb5 Qxb5 21. Qe1 Rc6
22. Ne3 Rg6 23. a4 Qd7 24. b5 f5 25. Qd2 f4 26. Nd1 Qe6 27. Nc3 a5 28. Qa2 Rd8
29. Rc1 b6 30. Rc2 Rh6 31. Rac1 g5 32. Nxd5 Qxd5 33. Qxd5+ Rxd5 34. Rc8+ Kf7 35.
Rxb8 g4 36. e6+ Rxe6 37. Ne5+ Kg7 38. Nc6 Ba3 39. Rb7+ Kh6 40. Rf1 Rf5 41. Rxb6
f3 42. gxf3 gxf3 43. Ne7 Rxb6 44. Nxf5+ Kg5 45. Rxf3 Bb4 46. Ne3 Rb8 47. Kg2 Rd8
48. Rf5+ Kg6 49. Rd5 Re8 50. Kf3 Rf8+ 51. Ke4 1-0

[Event "Fujairah Masters 2012"]
[Site "Fujairah City UAE"]
[Date "2012.11.15"]
[Round "3.28"]
[White "Mariano, Nelson III"]
[Black "Salem, Mahjob"]
[Result "1/2-1/2"]
[WhiteElo "2270"]
[BlackElo "2200"]
[WhiteFideId "5201748"]
[BlackFideId "9202110"]
[EventDate "2012.11.13"]

1. e4 c5 2. Nc3 Nc6 3. g3 e5 4. Bg2 Nf6 5. Nge2 Be7 6. O-O O-O 7. a3 d6 8. b4
Nd4 9. Nd5 Nxd5 10. Nxd4 Nxb4 11. axb4 cxd4 12. c4 dxc3 13. dxc3 Qc7 14. Qd2 Be6
15. f4 Bc4 16. Rf3 a5 17. Ba3 a4 18. Rd1 b5 19. f5 Rad8 20. Re1 d5 21. f6 Qb6+
22. Qf2 Qxf2+ 23. Rxf2 Bxf6 24. exd5 Bxd5 25. Bf1 Bc4 26. Bxc4 bxc4 27. Re4 Rd1+
28. Rf1 Rxf1+ 29. Kxf1 Rc8 30. b5 g6 31. Bd6 Rd8 1/2-1/2

[Event "Fujairah Masters 2012"]
[Site "Fujairah City UAE"]
[Date "2012.11.16"]
[Round "4.1"]
[White "Tkachiev, Vladislav"]
[Black "Ganguly, Surya Shekhar"]
[Result "1/2-1/2"]
[WhiteTitle "GM"]
[BlackTitle "GM"]
[WhiteElo "2659"]
[BlackElo "2619"]
[WhiteFideId "618438"]
[BlackFideId "5002150"]
[EventDate "2012.11.13"]

1. c4 Nf6 2. Nc3 g6 3. g3 Bg7 4. Bg2 O-O 5. d4 d6 6. Nf3 Nbd7 7. O-O e5 8. e4
exd4 9. Nxd4 Re8 10. h3 Nc5 11. Re1 Bd7 12. Kh2 h6 13. Rb1 a5 14. b3 h5 15. f4
Nh7 16. Be3 h4 17. g4 g5 18. Qd2 gxf4 19. Bxf4 Bxd4 20. Qxd4 Ne6 21. Qd2 Nxf4
22. Qxf4 Bc6 23. Rf1 Qe7 24. Qd2 Qg5 25. Qd3 Re5 26. Rf2 Qg7 27. Rbf1 Ng5 28. a3
Rae8 29. Rf4 Qg6 30. Kg1 R8e7 31. Rf6 Qg7 32. b4 axb4 33. axb4 Bxe4 34. Nxe4
Nxe4 35. Bxe4 Rxe4 36. Qd5 Re1 37. Rxf7 Qxf7 38. Qxf7+ Rxf7 39. Rxe1 Rf4 40.
Re8+ Kf7 41. Rb8 Rxc4 42. Rxb7 Kf6 43. b5 Ke5 44. b6 cxb6 45. Rxb6 d5 46. Rh6
Kf4 47. Rf6+ Kg3 48. g5 Kxh3 49. Kf2 Kg4 50. g6 Rc2+ 51. Kg1 Rc1+ 52. Kh2 Rc2+
53. Kg1 Rc1+ 54. Kh2 Rc2+ 55. Kg1 h3 56. g7 Rg2+ 57. Kh1 Kh5 58. Rf5+ 1/2-1/2

[Event "Fujairah Masters 2012"]
[Site "Fujairah City UAE"]
[Date "2012.11.16"]
[Round "4.4"]
[White "Bacrot, Etienne"]
[Black "Sumets, Andrey"]
[Result "1-0"]
[WhiteTitle "GM"]
[BlackTitle "GM"]
[WhiteElo "2702"]
[BlackElo "2622"]
[WhiteFideId "605506"]
[BlackFideId "14105500"]
[EventDate "2012.11.13"]

1. c4 c6 2. Nf3 d5 3. e3 Nf6 4. Nc3 e6 5. d4 Nbd7 6. Qc2 Bd6 7. Bd3 O-O 8. O-O
e5 9. cxd5 cxd5 10. e4 exd4 11. Nxd5 Nxd5 12. exd5 h6 13. b3 Ne5 14. Nxe5 Bxe5
15. f4 Bf6 16. Ba3 Re8 17. d6 Bd7 18. Qd2 Bc6 19. Rac1 Qd7 20. Rfe1 Qg4 21. Bf1
g5 22. Bc5 Qxf4 23. Qxf4 gxf4 24. Rxe8+ Rxe8 25. Rd1 Rd8 26. Bxa7 f3 27. gxf3
Bxf3 28. Rd3 Be4 29. Rg3+ Bg6 30. Bc5 Be5 31. Rg4 h5 32. Rg2 Bxd6 33. Bb6 Rc8
34. Bc4 Kh7 35. Bxd4 Bc5 36. Bxc5 Rxc5 37. a4 Kg7 38. Rd2 Be4 39. Kf2 Bc6 40.
Ke3 Rg5 41. Kf4 Rg1 42. Ke5 Re1+ 43. Kf5 f6 44. Be2 Rb1 45. Rd3 h4 46. Re3 Bd5
47. Re7+ Kf8 48. Rd7 Bc6 49. Rh7 Rb2 50. Kxf6 Kg8 51. Re7 Bd5 52. Re8+ 1-0

[Event "Fujairah Masters 2012"]
[Site "Fujairah City UAE"]
[Date "2012.11.16"]
[Round "4.7"]
[White "Kryvoruchko, Yuriy"]
[Black "Salem, A.R. Saleh"]
[Result "1-0"]
[WhiteTitle "GM"]
[BlackTitle "GM"]
[WhiteElo "2679"]
[BlackElo "2550"]
[WhiteFideId "14109182"]
[BlackFideId "9301348"]
[EventDate "2012.11.13"]

1. e4 c5 2. Nf3 Nc6 3. d4 cxd4 4. Nxd4 Nf6 5. Nc3 e5 6. Ndb5 d6 7. Bg5 a6 8. Na3
b5 9. Bxf6 gxf6 10. Nd5 f5 11. Bd3 Be6 12. O-O Bxd5 13. exd5 Ne7 14. c3 Bg7 15.
Nc2 O-O 16. a4 bxa4 17. Rxa4 Qb6 18. Ne3 e4 19. Nc4 Qc7 20. Bc2 Qc5 21. Qh5 Rab8
22. Rd1 Rfc8 23. g4 fxg4 24. Bxe4 f5 25. Bxf5 Nxf5 26. Qxf5 Kh8 27. Ne3 Rf8 28.
Qc2 h5 29. Rd2 Rbe8 30. Re4 Be5 31. Nc4 Bxh2+ 32. Kxh2 Rxe4 33. Qxe4 Rxf2+ 34.
Kg3 Rxd2 35. Nxd2 Qg1+ 36. Kh4 Qh2+ 37. Kg5 Qxd2+ 38. Kg6 1-0

[Event "Fujairah Masters 2012"]
[Site "Fujairah City UAE"]
[Date "2012.11.16"]
[Round "4.8"]
[White "Ghaem Maghami, Ehsan"]
[Black "Gupta, Abhijeet"]
[Result "1/2-1/2"]
[WhiteTitle "GM"]
[BlackTitle "GM"]
[WhiteElo "2559"]
[BlackElo "2667"]
[WhiteFideId "12500739"]
[BlackFideId "5010608"]
[EventDate "2012.11.13"]

1. c4 Nf6 2. Nc3 e5 3. Nf3 Nc6 4. d3 Bb4 5. Bd2 O-O 6. e3 Re8 7. Be2 Bxc3 8.
Bxc3 d5 9. cxd5 Nxd5 10. Rc1 Nxc3 11. Rxc3 Nb4 12. a3 Nd5 13. Rc1 c6 14. O-O Bg4
15. Qa4 Bh5 16. Rfe1 Qb6 17. Qc2 h6 18. Red1 Bg6 19. Rd2 Rac8 20. b4 a5 21. Qc5
axb4 22. Qxb6 Nxb6 23. axb4 Rcd8 24. Bf1 Nd5 25. Rb2 Nc7 26. d4 exd4 27. Nxd4
Ne6 28. Nxe6 Rxe6 29. b5 cxb5 30. Rxb5 Be4 31. Rb2 1/2-1/2

[Event "Fujairah Masters 2012"]
[Site "Fujairah City UAE"]
[Date "2012.11.16"]
[Round "4.11"]
[White "Yu, Ruiyuan"]
[Black "Parligras, Mircea-Emilian"]
[Result "1/2-1/2"]
[WhiteTitle "GM"]
[BlackTitle "GM"]
[WhiteElo "2538"]
[BlackElo "2635"]
[WhiteFideId "8603090"]
[BlackFideId "1204297"]
[EventDate "2012.11.13"]

1. e4 c6 2. d4 d5 3. Nc3 dxe4 4. Nxe4 Bf5 5. Ng3 Bg6 6. h4 h6 7. Nf3 Nd7 8. h5
Bh7 9. Bd3 Bxd3 10. Qxd3 e6 11. Bd2 Ngf6 12. O-O-O Be7 13. Ne4 Nxe4 14. Qxe4 Nf6
15. Qd3 c5 16. Qb5+ Qd7 17. Qxd7+ Nxd7 18. Bc3 Bf6 19. Rhe1 O-O-O 20. Re4 cxd4
21. Bxd4 Bxd4 22. Rexd4 f5 23. Rc4+ Kb8 24. Rcd4 1/2-1/2

[Event "Fujairah Masters 2012"]
[Site "Fujairah City UAE"]
[Date "2012.11.16"]
[Round "4.12"]
[White "Zherebukh, Yaroslav"]
[Black "Ashwin, Jayaram"]
[Result "1-0"]
[WhiteTitle "GM"]
[BlackTitle "IM"]
[WhiteElo "2627"]
[BlackElo "2488"]
[WhiteFideId "14116804"]
[BlackFideId "5018137"]
[EventDate "2012.11.13"]

1. e4 e5 2. Nf3 Nc6 3. Bb5 a6 4. Bxc6 dxc6 5. O-O f6 6. d4 Bg4 7. dxe5 Qxd1 8.
Rxd1 fxe5 9. Re1 Bd6 10. Nbd2 Ne7 11. h3 Bh5 12. Nh4 O-O 13. Ndf3 Ng6 14. Be3
Nxh4 15. Nxh4 Bb4 16. c3 Bd6 17. Nf5 Rfd8 18. Bg5 Rd7 19. Bh4 a5 20. a3 a4 21.
g4 Bf7 22. Rad1 Bb3 23. Rd3 g6 24. Nh6+ Kg7 25. g5 Bc4 26. Rd2 Be6 27. Kg2 Be7
28. Rxd7 Bxd7 29. Bg3 Bd6 30. Rd1 Be6 31. f3 Kf8 32. Bf2 Kg7 33. h4 Rf8 34. Be3
Rd8 35. Kg3 Rd7 36. Ng4 Bxg4 37. Kxg4 Rd8 38. Bf2 Kf7 39. Bg3 Ke6 40. Rh1 Kf7
41. h5 Kg7 42. c4 Re8 43. Rd1 b6 44. Be1 h6 45. gxh6+ Kxh6 46. Bd2+ Kg7 47. Rh1
Rh8 48. h6+ Kh7 49. Bg5 Rf8 50. Rd1 Rf7 51. Re1 Bc5 52. f4 Bd4 53. Re2 c5 54. f5
gxf5+ 55. exf5 e4 56. Kf4 e3 57. Ke4 c6 58. Bxe3 Bxe3 59. Rxe3 Kxh6 60. Kf4 Kg7
61. Re6 b5 62. Rxc6 bxc4 63. Rxc5 Rb7 64. Kg5 Rxb2 65. Rc7+ Kg8 66. Rxc4 Kf7 67.
Rc7+ Kg8 68. Ra7 Rb6 69. Rxa4 Kf7 70. Ra7+ Kf8 71. a4 Rc6 72. a5 Kg8 73. a6 Rb6
74. Ra8+ Kg7 75. a7 Rg6+ 76. Kf4 Ra6 77. Ke5 Kf7 78. Rh8 Ra5+ 79. Kd4 Ra4+ 80.
Kc3 Ra3+ 81. Kb2 1-0

[Event "Fujairah Masters 2012"]
[Site "Fujairah City UAE"]
[Date "2012.11.16"]
[Round "4.13"]
[White "Bakre, Tejas"]
[Black "Saric, Ivan"]
[Result "1/2-1/2"]
[WhiteTitle "GM"]
[BlackTitle "GM"]
[WhiteElo "2481"]
[BlackElo "2622"]
[WhiteFideId "5004195"]
[BlackFideId "14508150"]
[EventDate "2012.11.13"]

1. e4 c5 2. Nf3 Nc6 3. d4 cxd4 4. Nxd4 g6 5. c4 Nf6 6. Nc3 d6 7. Be2 Nxd4 8.
Qxd4 Bg7 9. Bg5 O-O 10. Qd2 Be6 11. Rc1 Qa5 12. f3 Rfc8 13. Nd5 Qxd2+ 14. Kxd2
Nxd5 15. cxd5 Bd7 16. Rxc8+ Rxc8 17. Rc1 Rxc1 18. Kxc1 Kf8 19. Be3 a6 20. b3 e6
21. Kd2 Ke7 22. Bg5+ Bf6 23. f4 e5 24. g3 Bxg5 25. fxg5 f5 26. gxf6+ Kxf6 27.
Kc3 Ke7 28. Kb4 Kd8 29. h4 Bh3 30. g4 Bg2 31. Bd3 g5 32. hxg5 Bf3 33. g6 hxg6
34. g5 Kc7 35. Ka5 Bd1 1/2-1/2

[Event "Fujairah Masters 2012"]
[Site "Fujairah City UAE"]
[Date "2012.11.16"]
[Round "4.14"]
[White "Li, Chao b"]
[Black "Saravanan, V."]
[Result "0-1"]
[WhiteTitle "GM"]
[BlackTitle "IM"]
[WhiteElo "2693"]
[BlackElo "2399"]
[WhiteFideId "8604436"]
[BlackFideId "5000580"]
[EventDate "2012.11.13"]

1. e4 c5 2. Nf3 d6 3. d4 cxd4 4. Nxd4 Nf6 5. Nc3 a6 6. Bg5 e6 7. f4 Qc7 8. Qf3
b5 9. O-O-O b4 10. Nd5 exd5 11. Bxf6 gxf6 12. exd5 Ra7 13. Bd3 Qc5 14. Bf5 Kd8
15. Kb1 Rc7 16. Rd2 Bxf5 17. Nxf5 Nd7 18. Re1 Kc8 19. c3 Nb6 20. cxb4 Qxb4 21.
Re8+ Kb7 22. Rd4 Qc5 23. Qd1 Ka7 24. Re3 Qb5 25. a4 Qd7 26. g4 h5 27. h3 hxg4
28. hxg4 Qc8 29. Rb4 Rc4 30. Reb3 Rxb4 31. Rxb4 Qc5 32. Rd4 Rh2 33. Qe1 Qc2+ 0-1

[Event "Fujairah Masters 2012"]
[Site "Fujairah City UAE"]
[Date "2012.11.16"]
[Round "4.15"]
[White "Lupulescu, Constantin"]
[Black "Atabayev, Maksat"]
[Result "1/2-1/2"]
[WhiteTitle "GM"]
[BlackTitle "FM"]
[WhiteElo "2622"]
[BlackElo "2446"]
[WhiteFideId "1207822"]
[BlackFideId "14001101"]
[EventDate "2012.11.13"]

1. d4 Nf6 2. c4 c5 3. d5 e6 4. Nc3 exd5 5. cxd5 d6 6. Nf3 g6 7. Bf4 a6 8. a4 Bg7
9. h3 O-O 10. e3 Qe7 11. Be2 Nbd7 12. O-O Ne8 13. Re1 Rb8 14. e4 Ne5 15. Bxe5
Bxe5 16. Nxe5 Qxe5 17. Qd2 g5 18. Rf1 Ng7 19. f4 gxf4 20. Rxf4 f5 21. Raf1 Bd7
22. R1f2 Rbe8 23. Bd3 fxe4 24. Rxe4 Qh5 25. Ref4 Rxf4 26. Qxf4 Re1+ 27. Bf1 Qe8
28. Qxd6 Nf5 29. Qf4 Qe5 30. Qxe5 Rxe5 31. Re2 Rxe2 32. Bxe2 Nd4 33. Bd3 Kg7 34.
Ne4 Nb3 35. a5 c4 36. Bxc4 Nxa5 37. Ba2 b6 38. Nd6 Kf6 39. b4 Ke7 40. bxa5 Kxd6
41. axb6 Bc8 42. Kf2 Kc5 43. Ke3 a5 44. Bb3 Kxb6 45. Kd4 Bd7 46. Ba2 a4 47. Kc4
Bb5+ 48. Kb4 Bf1 49. g4 Bxh3 50. g5 1/2-1/2

[Event "Fujairah Masters 2012"]
[Site "Fujairah City UAE"]
[Date "2012.11.16"]
[Round "4.16"]
[White "Ehlvest, Jaan"]
[Black "Sagar, Shah"]
[Result "1-0"]
[WhiteTitle "GM"]
[WhiteElo "2597"]
[BlackElo "2379"]
[WhiteFideId "4500016"]
[BlackFideId "5022509"]
[EventDate "2012.11.13"]

1. e4 d6 2. Nc3 Nf6 3. f4 d5 4. e5 d4 5. Nce2 Nd5 6. Nxd4 Nxf4 7. Ngf3 Bg4 8. h3
Qxd4 9. hxg4 Qe4+ 10. Kf2 Ng6 11. Qe2 Qxe2+ 12. Bxe2 e6 13. Bd3 Bc5+ 14. Kf1 Nd7
15. Bxg6 fxg6 16. Ke2 Be7 17. d4 c5 18. dxc5 Nxc5 19. Be3 Nd7 20. Rad1 Rc8 21.
c3 b6 22. Rh3 Rc4 23. Rd4 Rxd4 24. cxd4 h5 25. Rh1 Nf8 26. Kd3 Kd7 27. Bg5 Bxg5
28. Nxg5 Nh7 29. Ne4 Nf8 30. Rf1 hxg4 31. Rf7+ Kc6 32. Rxa7 Nd7 33. a4 Rd8 34.
Kc4 Rc8 35. Nd6 Rc7 36. Ra8 Nf6 37. Nb5 Rf7 38. Rc8+ 1-0

[Event "Fujairah Masters 2012"]
[Site "Fujairah City UAE"]
[Date "2012.11.16"]
[Round "4.19"]
[White "Satyapragyan, Swayangsu"]
[Black "Akshat, Khamparia"]
[Result "1-0"]
[WhiteTitle "IM"]
[BlackTitle "IM"]
[WhiteElo "2474"]
[BlackElo "2398"]
[WhiteFideId "5004306"]
[BlackFideId "5016541"]
[EventDate "2012.11.13"]

1. e4 c5 2. Nf3 g6 3. d4 cxd4 4. Nxd4 Bg7 5. c4 Nc6 6. Be3 Nf6 7. Nc3 O-O 8. Be2
b6 9. O-O Bb7 10. f3 e6 11. Kh1 d5 12. Nxc6 Bxc6 13. e5 Ne8 14. cxd5 exd5 15. f4
f6 16. exf6 Nxf6 17. f5 gxf5 18. Rxf5 Ne4 19. Rxf8+ Qxf8 20. Nxe4 dxe4 21. Qb3+
Kh8 22. Rf1 Qd6 23. Rd1 Qg6 24. Qa3 Be5 25. Qe7 Qg7 26. Qe6 Rg8 27. g3 Be8 28.
Bc4 Bh5 29. Rd7 Bg4 30. Qd5 1-0